000 00323nam a2200121Ia 4500
008 190216s9999||||xx |||||||||||||| ||und||
100 _aVolsov.V.M
245 0 _aIntroductionary Mathematics For Engineers Lectures In Higher Mathematics
250 _aSECOND
260 _bMir Publishers
_c1972
300 _a816
942 _cBK
999 _c30664
_d30664